| 000 | 00558nam a22001457a 4500 | ||
|---|---|---|---|
| 005 | 20250207172120.0 | ||
| 008 | 241109b |||||||| |||| 00| 0 eng d | ||
| 100 |
_aStirton, Brent. _eauthor. _963870 |
||
| 245 |
_aMinneriya, Sri Lanka : _bfellow foragers / _cBrent Stirton. |
||
| 260 |
_aWashington ; _bNational Geographic Partners, LLC., _cDecember 2022. |
||
| 300 |
_avolume 241, pages 118-119, _billustration. |
||
| 500 | _aNational Geographic, v. 242, n. 12, pages 118-119, December 2022. | ||
| 700 |
_aStirton, Brent. _eauthor. _963870 |
||
| 942 |
_2ddc _cPER |
||
| 999 |
_c23124 _d23124 |
||